AN INTRODUCING TO FUNCTION GRAMMAR

محفوظ في:
التفاصيل البيبلوغرافية
التنسيق: كتاب
اللغة:English
منشور في: 2013
الموضوعات:
الوسوم: إضافة وسم
لا توجد وسوم, كن أول من يضع وسما على هذه التسجيلة!
Thư viện lưu trữ: Mạng thư viện Đại học Đà Nẵng
LEADER 00987nam a22003131a 4500
001 000041055
003 17351
005 20160417000000.0
008 160417s2013 000 eng
041 |a eng 
082 |a 425  |b KH-A 
245 |a AN INTRODUCING TO FUNCTION GRAMMAR  |c Khoa Anh 
260 |c 2013 
300 |a 666tr. ; 30cm 
650 |a AN INTRODUCING TO FUNCTION GRAMMAR, Internal Circulation, FUNCTION GRAMMAR 
852 |b Chuyên đề  |c Giáo trình 
OWN |a LNN 
AVA |a UDN50  |b LNN  |d 425 KH-A  |e available  |t Error 5001 Not defined in file expand_doc_bib_avail.  |f 1  |g 0  |h N  |i 0  |k 1 
999 |a From the UDN01 
AVA |a UDN50  |b LNN  |d 425 KH-A  |e available  |t Error 5001 Not defined in file expand_doc_bib_avail.  |f 1  |g 0  |h N  |i 0  |k 1 
TYP |a Monograph 
TYP |a Printed language 
980 |a Mạng thư viện Đại học Đà Nẵng